BIOLOGICAL SCIENCES (Record no. 174)

MARC details
000 -LEADER
fixed length control field 00414nam a2200181Ia 4500
003 - CONTROL NUMBER IDENTIFIER
control field OSt
005 - DATE AND TIME OF LATEST TRANSACTION
control field 20220325155946.0
008 - FIXED-LENGTH DATA ELEMENTS--GENERAL INFORMATION
fixed length control field 211109s9999||||xx |||||||||||||| ||und||
040 ## - CATALOGING SOURCE
Transcribing agency SBCL
082 ## - DEWEY DECIMAL CLASSIFICATION NUMBER
Classification number 574
Item number DAS-B
100 ## - MAIN ENTRY--PERSONAL NAME
Personal name DEBAJYOTI DAS
245 #0 - TITLE STATEMENT
Title BIOLOGICAL SCIENCES
260 ## - PUBLICATION, DISTRIBUTION, ETC.
Name of publisher, distributor, etc. NEW CENTRAL BOOK AGENCY
Place of publication, distribution, etc. CALCUTTA
Date of publication, distribution, etc. 1988
300 ## - PHYSICAL DESCRIPTION
Extent 148
630 ## - SUBJECT ADDED ENTRY--UNIFORM TITLE
General subdivision General Stack
650 ## - SUBJECT ADDED ENTRY--TOPICAL TERM
Topical term or geographic name entry element BIOLOGY
942 ## - ADDED ENTRY ELEMENTS (KOHA)
Koha item type BOOK
Holdings
Withdrawn status Lost status Source of classification or shelving scheme Damaged status Not for loan Home library Current library Date acquired Full call number Barcode Shelving location Date last seen Price effective from Koha item type
    Dewey Decimal Classification     SB LIBRARY SB LIBRARY 09/11/2021 574 DAS-B 00000168 GENERAL STACK 09/11/2021 09/11/2021 BOOK

Powered by Koha